El Campesino - finquero y el potencial económico del campesinado nicaraguense. Tomo 1: Tipología y regionalización agrosocioeconómica de los sistemas de producción y lo sectores sociales en el agro nicaragüense /
Furkejuvvon:
| Váldodahkki: | |
|---|---|
| Searvvušdahkki: | |
| Eará dahkkit: | |
| Materiálatiipa: | Texto |
| Almmustuhtton: |
Managua:
UCA
|
| Fáddágilkorat: |
Lasit fáddágilkoriid
Eai fáddágilkorat, Lasit vuosttaš fáddágilkora!
|
MARC
| LEADER | 00000 a a2200000 04500 | ||
|---|---|---|---|
| 001 | 26539 | ||
| 003 | |||
| 040 | |a CRAI/IIS |c CRAI/IIS | ||
| 090 | |a 148803 | ||
| 100 | |a Maldidier, Cristóbal | ||
| 110 | |a NITLAPAN-UCA. Instituto de Investigación y Desarrollo de la Universidad Centroaméricana | ||
| 245 | |a El Campesino - finquero y el potencial económico del campesinado nicaraguense. Tomo 1: Tipología y regionalización agrosocioeconómica de los sistemas de producción y lo sectores sociales en el agro nicaragüense / |c Cristóbal Maldidier | ||
| 260 | |a Managua: |b UCA | ||
| 300 | |a 174 p |b **no definido** |b il. |b fonodiscos |b escudos de armas | ||
| 700 | |a Marchetti, Peter | ||
| 999 | |c 2508 |d 2508 | ||
